000 01113nam a2200313 i 4500
003 EG-GICUC
005 20260506134209.0
008 260506s1957 fr |||fr|||| 000 0 Fre d
040 _aEG-GiCUC
_bfre
_cEG-GiCUC
_dEG-GiCUC
_eRda
041 0 _afre
082 0 4 _a345.32311
_bGR . I
_221
092 0 4 _221
099 _aLaw 07 345.32311 GR . I 1957
100 1 _aGroshens, Jean-Claude.
_eAuteur
245 1 0 _aLes Institutions Et Le Régime Juridique Des Cultes Protestants :
_nTome IX /
_cPar Jean-Claude Groshens, Marcel Waline; Préface De Jean De Soto.
264 1 _aParis :
_bLibrairie Generale De Droit Et De Jurisprudence,
_c1957.
300 _a232 Page :
_c 24 cm.
336 _2rda contenu
_a texte
337 _2rda medias
_aOrdinateur
338 _2 transporteur rda
_a Ressource en ligne
490 _aBibliothéque De Droit Public
546 _aTexte en français
650 1 _aDroit Administratif
700 1 _aSoto, Jean De
_ePréfacier
700 1 _aWaline, Marcel
_eCo-Auteur
856 4 0 _uhttps://fll.law.cu.edu.eg/fulltext/bks/B07-05952.pdf
905 _a64
942 _2ddc
_n0
_cBK
_e21
999 _c76010
_d76010